000 00515nam a2200181 i 4500
001 37042
003 ES-MaACL
005 20230906155506.0
007 t|
008 030220s1925 gw ||||1| ger d
100 1 _aBrugmann, Karl.
_9181680
245 1 0 _aDie syntax des einfachen Satzes im Indogermanischen /
_cKarl Brugmann.
260 _aBerlĂ­n :
_bWalter de Gruyter,
_c1925.
300 _aVII, 230 p. ;
_c23 cm.
650 0 4 _aLenguas indoeuropeas.
_914360
852 _aES-MaACL
_jA-208
999 _c37042
_d37042